| 000 | 01295nam a2200265 a 4500 | ||
|---|---|---|---|
| 001 | 000862636 | ||
| 003 | AM-YeHGA | ||
| 005 | 20250617145110.0 | ||
| 008 | 120130s1978 ||||||||r|||||000|0|rus|d | ||
| 040 | _aAM-YeHGA | ||
| 041 | 0 | _arus | |
| 245 | 0 | 0 |
_aСовременные проблемы общей физиологии возбудимых образований : _bСборник работ, посвященный памяти академика АН УССР Д.С. Воронцова / _c[Отв. ред. П.Г. Костюк] ; АН УССР, Институт физиологии им. А.А. Богомольца. |
| 260 |
_aКиев : _bНаукова думка, _c1978. |
||
| 300 |
_a196 с. : _bграф. ; _c22 см. |
||
| 504 | _aБиблиогр. в конце ст. | ||
| 650 | 1 | 4 | _aНейрофизиология |
| 650 | 1 | 4 | _aНервного возбуждения передача |
| 650 | 1 | 4 | _aСинаптические потенциалы |
| 650 | 1 | 4 | _aРефлекс условный |
| 650 | 1 | 4 | _aЭлектрофизиология |
| 650 | 1 | 4 | _aНаучные исследования |
| 700 | 1 |
_aКостюк, П.Г. _eред. _4edt |
|
| 710 | 2 | _aИнститут физиологии им. А.А. Богомольца АН УССР | |
| 090 | _c308015 | ||
| 999 |
_c306307 _d306307 |
||